000 00302nam a2200121Ia 4500
008 231120s2018 xx 000 0 und d
041 _aeng
082 _a743.4
100 _aSUSIE HODGE
245 _aHOW TO DRAW PEOPLE IN SIMPLE STEPS
260 _aSEARCH PRESS
_bSEARCH PRESS
_c2018
300 _aP-144
999 _c933339
_d933339